| Tag |
First Indicator |
Second Indicator |
Subfields |
| LEADER |
00000cam a2200000 a 4500 |
| 001 |
in00005705369 |
| 005 |
20260318180023.4 |
| 006 |
m o d |
| 007 |
cr bn||||||abp |
| 007 |
cr bn||||||ada |
| 008 |
100519s1993 enkab ob 001 0 eng d |
| 040 |
|
|
|a OCLCE
|b eng
|e pn
|c OCLCE
|d OCLCQ
|d UV0
|d OTZ
|d OCLCO
|d OCLCF
|d OCL
|d YDXCP
|d OCLCQ
|d OCL
|d STBDS
|d FIE
|d YOU
|d OCLCQ
|d AUD
|d OCLCQ
|d INARC
|d SXB
|d EZ9
|d LVT
|d OCLCQ
|d OCLCO
|d OCLCQ
|d OCLCL
|
| 019 |
|
|
|a 794857015
|a 967264443
|a 1034639558
|a 1034680926
|a 1078055985
|a 1086552227
|a 1150090108
|a 1181537037
|a 1198079455
|a 1200097878
|a 1229762418
|
| 020 |
|
|
|a 9780191675768
|q (ebook)
|
| 020 |
|
|
|a 0191675768
|q (ebook)
|
| 020 |
|
|
|z 0198203160
|q (acid-free paper)
|
| 020 |
|
|
|z 9780198203162
|q (acid-free paper)
|
| 035 |
|
|
|a (OCoLC)623460880
|z (OCoLC)794857015
|z (OCoLC)967264443
|z (OCoLC)1034639558
|z (OCoLC)1034680926
|z (OCoLC)1078055985
|z (OCoLC)1086552227
|z (OCoLC)1150090108
|z (OCoLC)1181537037
|z (OCoLC)1198079455
|z (OCoLC)1200097878
|z (OCoLC)1229762418
|
| 042 |
|
|
|a dlr
|
| 043 |
|
|
|a e-ie---
|
| 050 |
|
4 |
|a DA990.T5
|b P69 1993
|
| 055 |
|
3 |
|a DA990 T5
|b P69 1993
|
| 082 |
0 |
4 |
|a 941.9/2
|2 20
|
| 084 |
|
|
|a 15.70
|2 bcl
|
| 049 |
|
|
|a TXAM
|
| 100 |
1 |
|
|a Power, T. P.
|q (Thomas P.)
|1 https://id.oclc.org/worldcat/entity/E39PCjyHCGVqPRQRvXCCVy4b7d
|
| 245 |
1 |
0 |
|a Land, politics, and society in eighteenth-century Tipperary /
|c Thomas P. Power.
|
| 260 |
|
|
|a Oxford :
|b Clarendon Press ;
|a New York :
|b Oxford University Press,
|c 1993.
|
| 300 |
|
|
|a 1 online resource (xiv, 376 pages) :
|b illustrations, map
|
| 336 |
|
|
|a text
|b txt
|2 rdacontent
|
| 337 |
|
|
|a computer
|b c
|2 rdamedia
|
| 338 |
|
|
|a online resource
|b cr
|2 rdacarrier
|
| 504 |
|
|
|a Includes bibliographical references (pages 337-361) and index.
|
| 538 |
|
|
|a Master and use copy. Digital master created according to Benchmark for Faithful Digital Reproductions of Monographs and Serials, Version 1. Digital Library Federation, December 2002.
|u http://purl.oclc.org/DLF/benchrepro0212
|5 MiAaHDL
|
| 583 |
1 |
|
|a digitized
|c 2010
|h HathiTrust Digital Library
|l committed to preserve
|2 pda
|5 MiAaHDL
|
| 588 |
0 |
|
|a Print version record.
|
| 520 |
8 |
|
|a This is a scholarly study of an entire Irish county during the 18th-century. The author sets out to reconstruct in detail the economic, social, and political history of Tipperary, Ireland's largest inland county. A chapter is devoted to the revolutionary decade of the 1790s.
|
| 546 |
|
|
|a English.
|
| 651 |
|
0 |
|a Tipperary (Ireland : County)
|x Politics and government.
|
| 650 |
|
0 |
|a Land tenure
|z Ireland
|z Tipperary (County)
|x History
|y 18th century.
|
| 651 |
|
0 |
|a Tipperary (Ireland : County)
|x Social conditions.
|
| 650 |
|
6 |
|a Propriété foncière
|z Irlande
|z Tipperary (Comté)
|x Histoire
|y 18e siècle.
|
| 651 |
|
6 |
|a Tipperary (Irlande : Comté)
|x Politique et gouvernement.
|
| 651 |
|
6 |
|a Tipperary (Irlande : Comté)
|x Conditions sociales.
|
| 650 |
|
7 |
|a Land tenure.
|2 fast
|0 (OCoLC)fst00991362
|
| 650 |
|
7 |
|a Politics and government.
|2 fast
|0 (OCoLC)fst01919741
|
| 650 |
|
7 |
|a Social conditions.
|2 fast
|0 (OCoLC)fst01919811
|
| 651 |
|
7 |
|a Ireland
|z Tipperary (County)
|2 fast
|0 (OCoLC)fst01334684
|1 https://id.oclc.org/worldcat/entity/E39QbtfRwMqFCgXfPrbpvCpjPp
|
| 650 |
1 |
7 |
|a Pacht.
|2 gtt
|
| 648 |
|
7 |
|a 1700-1799
|2 fast
|
| 653 |
0 |
|
|a Tipperary (Ireland : County)
|a History
|
| 655 |
|
7 |
|a Electronic books.
|2 local
|
| 655 |
|
7 |
|a History.
|2 fast
|0 (OCoLC)fst01411628
|
| 758 |
|
|
|i has work:
|a Land, politics, and society in eighteenth century Tipperary (Text)
|1 https://id.oclc.org/worldcat/entity/E39PCGPXMm8JHKJwGWgJVX9jQ3
|4 https://id.oclc.org/worldcat/ontology/hasWork
|
| 776 |
0 |
8 |
|i Print version:
|a Power, T.P. (Thomas P.).
|t Land, politics, and society in eighteenth-century Tipperary.
|d Oxford : Clarendon Press ; New York : Oxford University Press, 1993
|w (DLC) 93022481
|w (OCoLC)27642104
|
| 856 |
4 |
0 |
|u http://proxy.library.tamu.edu/login?url=https://academic.oup.com/book/7907
|z Connect to the full text of this electronic book
|t 0
|
| 955 |
|
|
|a Oxford Scholarship Online
|
| 994 |
|
|
|a 92
|b TXA
|
| 999 |
f |
f |
|i fc04d8e1-9013-4ef4-b7c8-36a595465e52
|s 360a1202-9e0a-4bbc-b406-6f0d332d457d
|t 0
|
| 952 |
f |
f |
|a Texas A&M University
|b College Station
|c Electronic Resources
|s www_evans
|d Available Online
|t 0
|e DA990.T5 P69 1993
|h Library of Congress classification
|
| 998 |
f |
f |
|a DA990.T5 P69 1993
|t 0
|l Available Online
|